000
00218nam a2200085Ia 4500
008
120527s9999 xx 000 0 und d
100
_a
F.R.B.KC.I
245
_a
Policy implications of trade and currency zones
942
_c
BK
999
_c
27011
_d
27011